| 000 | 00586nam a22001937a 4500 | ||
|---|---|---|---|
| 999 |
_c7084 _d7084 |
||
| 003 | OSt | ||
| 005 | 20210902120439.0 | ||
| 008 | 210902b ||||| |||| 00| 0 eng d | ||
| 020 | _a052136812X | ||
| 040 | _cDDC | ||
| 082 | _a621.36HER1961 | ||
| 100 |
_aHernandez G. _914584 |
||
| 245 |
_aFabry-Perot Interferometers _bCambridge studies in modern optics _cEdited by Hernandez G. |
||
| 260 |
_aUK _bCambridge University Press _c1961 |
||
| 300 |
_axvi,343p; _bill _c24cm |
||
| 504 | _aIncludes; Bibliography references, Glossary and index | ||
| 650 |
_aPhysics _9809 |
||
| 942 |
_2ddc _cO_SHELF |
||